Die Stunde der Wahrheit
| Titel: | Die Stunde der Wahrheit : Konsequenzen aus den Ostverträgen / Wolfgang Höpker |
|---|---|
| Verfasser: | |
| Veröffentlicht: | Stuttgart : Seewald, 1972 |
| Umfang: | 47 S. ; 21 cm |
| Format: | Buch |
| Sprache: | Deutsch |
| RVK-Notation: |
·
|
X
alg: 7462515 001A $06000:29-06-99 001B $01999:12-05-23 $t22:16:17.000 001C $03032:12-11-07 $t10:57:39.000 001D $00034:16-08-02 001U $0utf8 001X $00 002@ $0Aau 003@ $0074625152 003O $001855472 $aOCoLC 004A $fkart. : DM 3.00 006G $0720110300 006U $072,A28,0111 007A $0720110300 $aDNB 007T $0Herdhh074625152 010@ $ager 011@ $a1972 $n1972 015@ $00 021A $aDie @Stunde der Wahrheit $dKonsequenzen aus den Ostverträgen $hWolfgang Höpker 028A $7124344399 $8Höpker, Wolfgang$Z1909-1989 [Tp1] $9109104005 033A $pStuttgart $nSeewald 034D $a47 S. 034I $a21 cm 041A $#Deutsch-sowjetischer Vertrag $#1970 August 12 $74074992-7 $8$aMoskauer Vertrag$f1970 August 12 [Tu1] $9085211370 044F $aOstvertrag 045E $b06a 045F $a900.9430904 $eDDC23BSB 045F/01 $a900 045F/03 $f0904 045F/03 $g43 045F/03 $g47 045F/03 $g437 045Z $8PR 2110 [Tkv] $9411106953 045Z $8ML 2000 [Tkv] $9410828068 lok: 7462515 15 101B $008-04-05 $t16:49:25.000 101C $008-04-05 145S/01 $a05000 101U $0utf8 exp: 7462515 15 1 #EPN 201B/01 $030-03-05 $t11:27:52.000 201C/01 $030-03-05 203@/01 $0235787264 208@/01 $a30-03-05 $bz 209A/01 $a-Mag- D 7150 $du $f100 $h-MAG- D 7150 $x00 209C/01 $aSTB G 78/0299 $hSTB G 78 0299 209G/01 $a02194872 $x00 247C/01 $8655100-2 <123>Worms, Stadtbibliothek Worms $9102600732 201U/01 $0utf8 lok: 7462515 23 exp: 7462515 23 1 #EPN 201B/01 $013-12-02 $t19:03:37.550 201C/01 $015-08-02 203@/01 $0174442106 208@/01 $a16-08-02 $bz 209A/01 $a25 pol U 4 HOE $du $f024 $hPOL U 4 HOE $x00 209C/01 $aOE 1 '73 A 264 209G/01 $a10449910 $x00 247C/01 $8352024-9 <34/24>Kassel, UB Kassel, Standort Holländischer Platz $9102599459 201U/01 $0utf8 lok: 7462515 24 101B $013-08-09 $t11:03:54.000 101C $013-08-09 101U $0utf8 145Z/01 $a3 7 O 145Z/02 $a31 7 O exp: 7462515 24 1 #EPN 201B/01 $013-08-09 $t11:03:54.000 201C/01 $013-08-09 201U/01 $0utf8 203@/01 $0580546462 208@/01 $a13-08-09 $br 209A/01 $a3 VII O 96 $du $f050 $h3 7 O 96 $x00 209C/01 $a3930 K 72 $h72 3930 K 209G/01 $a72419260 $x00 220C/01 $ash 247C/01 $8358050-7Marburg, Bibliothek des Herder-Instituts Marburg $9102600961 lok: 7462515 66 101B $009-01-15 $t10:30:53.000 101C $009-01-15 101U $0utf8 144Z/01 $aOstverträge 144Z/02 $aOstpolitik exp: 7462515 66 1 #EPN 201B/01 $009-01-15 $t10:30:53.000 201C/01 $009-01-15 201U/01 $0utf8 203@/01 $0747600899 208@/01 $a09-01-15 $bz 209A/01 $aGk Ostv/H $du $f000 $x00 209C/01 $a15/a4G 247C/01 $8618123-5 Darmstadt, Bibliothek des Deutschen Polen-Instituts $9102600902 lok: 7462515 78 exp: 7462515 78 1 #EPN 201B/01 $019-04-17 $t18:30:39.000 201U/01 $0utf8 203@/01 $0793008980 208@/01 $a12-11-16 $be 209A/01 $a/ $f000 $x00 237A/01 $aweiterführende Signatur(en): 3 VII O 96 244Z/01 $2Trx $#Kesk- ja Ida- Euroopa kontseptsioonid $#Vidurio Europos koncepcijos $#East-Central Europe $#Keletközépeurópa-eszmék $#Europa Środkowo-Wschodnia koncepcje $#Európa stredovýchodná koncepcie $#Evropa střední, východní část koncepce $#Mitteleuropa $#Osteuropakonzeptionen $#Europa Środkowa koncepcje $#Stredná Európa koncepcie $#Střední Europa koncepce $8--Trx--Ostmitteleuropakonzeptionen $x01 $9391364286 244Z/01 $2Trx $8--Trx--Monographie $x02 $9391384546 245Z/01 $a06.04.04 $x01 247C/01 $82080>Marburg/Lahn, Herder-Institut, Forschungsbibliothek, Bibliographieportal $9336309341 lok: 7462515 204 exp: 7462515 204 1 #EPN 201B/01 $016-05-19 $t21:50:47.000 201C/01 $015-11-02 201U/01 $0utf8 203@/01 $0177781793 208@/01 $a15-11-02 $brl01 209A/01 $a82 Ake 1972 $du $f010 $h010 82 ake 1972 $x00 209A/01 $a010 PR 2110 H872 $x07 209C/01 $a1560/72 $h010 1560 72 209G/01 $a83730455 $x00 245Z/01 $a82 Ake $x01 247C/01 $8631010-2 <26/010>Gießen, Universität Gießen, Zweigbibliothek Recht und Wirtschaft $9102596751
| LEADER | 00000cam a2200000 c 4500 | ||
|---|---|---|---|
| 001 | 074625152 | ||
| 003 | DE-603 | ||
| 005 | 20230512221617.0 | ||
| 007 | tu | ||
| 008 | 990629s1972 xx |||| | u00||u|ger | ||
| 015 | |a 72,A28,0111 |2 dnb | ||
| 016 | 7 | |2 DE-101 |a 720110300 | |
| 035 | |a (DE-599)DNB720110300 | ||
| 035 | |a (OCoLC)01855472 | ||
| 040 | |a DE-603 |b ger |c DE-603 |d DE-603 | ||
| 041 | |a ger | ||
| 082 | 0 | 4 | |8 1\u |a 900.9430904 |q DE-101 |2 23/BSB |
| 084 | |a 06a |q DE-101 |2 sdnb | ||
| 084 | |a PR 2110 |0 (DE-625)139505: |0 (DE-603)411106953 |2 rvk | ||
| 084 | |a ML 2000 |0 (DE-625)123146: |0 (DE-603)410828068 |2 rvk | ||
| 085 | |8 1\u |b 900 | ||
| 085 | |8 1\u |z 1 |s 0904 | ||
| 085 | |8 1\u |z 2 |s 43 | ||
| 085 | |8 1\u |z 2 |s 47 | ||
| 085 | |8 1\u |z 2 |s 437 | ||
| 100 | 1 | |a Höpker, Wolfgang |d 1909-1989 |0 (DE-603)109104005 |0 (DE-588)124344399 |2 gnd | |
| 245 | 0 | 0 | |a Die Stunde der Wahrheit |b Konsequenzen aus den Ostverträgen |c Wolfgang Höpker |
| 264 | 1 | |a Stuttgart |b Seewald |c 1972 | |
| 300 | |a 47 S. |c 21 cm | ||
| 630 | 0 | 7 | |a Moskauer Vertrag |f 1970 August 12 |0 (DE-588)4074992-7 |0 (DE-603)085211370 |2 gnd |
| 650 | 7 | |a Ostvertrag |2 local | |
| 924 | 0 | |9 123 |a (DE-603)235787264 |b DE-123 |c HES |d c |g -Mag- D 7150 | |
| 924 | 0 | |9 34/24 |a (DE-603)174442106 |b DE-34-24 |c HES |d c |g 25 pol U 4 HOE | |
| 924 | 0 | |9 Mb 50 |a (DE-603)580546462 |b DE-Mb50 |c HES |d c |g 3 VII O 96 | |
| 924 | 0 | |9 Ds 123 |a (DE-603)747600899 |b DE-Ds123 |c HES |d d |g Gk Ostv/H | |
| 924 | 0 | |9 2080 |a (DE-603)793008980 |b DE-2080 |c HES |d d |g / | |
| 924 | 0 | |9 26/010 |a (DE-603)177781793 |b DE-26-010 |c HES |d c |g 82 Ake 1972 | |


